| 000 | 00604nam a2200205 i 4500 | ||
|---|---|---|---|
| 001 | 28492 | ||
| 003 | ES-MaACL | ||
| 005 | 20230906153850.0 | ||
| 007 | t| | ||
| 008 | 030117s1981 sp ||||1| spa d | ||
| 100 | 1 |
_aBajo Fernández, Miguel. _924759 |
|
| 245 | 1 | 0 |
_aDerecho penal económico aplicado a la actividad empresarial / _cMiguel Bajo Fernández. |
| 250 | _a1ª ed. | ||
| 260 |
_a[Madrid] : _bCivitas, _c[1981] |
||
| 300 |
_a597 p. ; _c20 cm. |
||
| 490 | 1 | _aTratados y manuales | |
| 830 | 0 |
_aTratados y manuales _9177416 |
|
| 852 |
_aES-MaACL _jL-2503 _bR.103073 |
||
| 999 |
_c28492 _d28492 |
||